| 000 | 005580000a22001810004500 | ||
|---|---|---|---|
| 003 | MACL | ||
| 005 | 20160217150716.0 | ||
| 008 | 160217b xxu||||| |||| 00| 0 eng d | ||
| 040 |
_aMACL _cMACL |
||
| 041 | _aHindi | ||
| 082 | _a370 | ||
| 100 |
_aमिश्र महेशदत्त _938694 |
||
| 245 | _aप्रदेश की सरकार | ||
| 260 |
_bज्ञान मन्दिर पुस्तक प्रकाशन _aग्वालियर |
||
| 350 | _a1 | ||
| 650 |
_aEducation _938695 |
||
| 942 |
_cHIN _k370 _2ddc |
||
| 999 |
_c25788 _d25788 |
||